|
|
|
|
| LEADER |
02425ncm a2200589 ia4500 |
| 001 |
cph20193147353 |
| 003 |
CZ PrNK |
| 005 |
20230227111244.0 |
| 007 |
qu |
| 008 |
191010s2018 xr nnn g nn cze |
| 015 |
|
|
|a cnb003147353
|
| 020 |
|
|
|a 978-80-907266-5-9
|q (brožováno ;
|q pracovní sešit)
|
| 020 |
|
|
|a 978-80-907266-2-8
|q (brožováno ;
|q didaktické listy)
|
| 040 |
|
|
|a ABA001
|b cze
|e rda
|
| 043 |
|
|
|a e-xr---
|
| 045 |
|
|
|a y-y-
|
| 072 |
|
7 |
|a 781
|x Hudební teorie
|2 Konspekt
|9 9
|
| 080 |
|
|
|a 78:37.016
|2 MRF
|
| 080 |
|
|
|a (076.5)
|2 MRF
|
| 080 |
|
|
|a (072)
|2 MRF
|
| 080 |
|
|
|a (075)78
|2 MRF
|
| 100 |
1 |
|
|a Šašinková, Eva,
|d 1972-
|7 xx0240805
|4 aut
|
| 245 |
1 |
0 |
|a Hudební výchova pro malé muzikanty 1 :
|b Jak se narodila písnička /
|c Eva Šašinková
|
| 246 |
3 |
0 |
|a Jak se narodila písnička
|
| 250 |
|
|
|a 1. vydání
|
| 264 |
|
1 |
|a Praha :
|b Mgr. Eva Šašinková,
|c 2018
|
| 300 |
|
|
|a 2 svazky :
|b barevné ilustrace ;
|c 21 cm
|
| 336 |
|
|
|a zápis hudby
|b ntm
|2 rdacontent
|
| 336 |
|
|
|a text
|b txt
|2 rdacontent
|
| 336 |
|
|
|a statický obraz
|b sti
|2 rdacontent
|
| 337 |
|
|
|a bez média
|b n
|2 rdamedia
|
| 338 |
|
|
|a svazek
|b nc
|2 rdacarrier
|
| 500 |
|
|
|a Název z obálky
|
| 500 |
|
|
|a "Ilustrace a grafická úprava Kateřina Kovářová"--Tiráž
|
| 505 |
0 |
|
|a Pracovní sešit. 19 stran. -- Didaktické listy. 11 stran
|
| 648 |
|
7 |
|a 21. století
|7 ch460559
|2 czenas
|
| 650 |
0 |
7 |
|a hudební výchova
|7 ph120934
|z Česko
|y 21. století
|2 czenas
|
| 650 |
0 |
9 |
|a musical learning and teaching
|z Czechia
|y 21st century
|2 eczenas
|
| 655 |
|
7 |
|a praktická cvičení
|7 fd133118
|2 czenas
|
| 655 |
|
7 |
|a metodické příručky
|7 fd132826
|2 czenas
|
| 655 |
|
7 |
|a učebnice hudebních škol
|7 fd201986
|2 czenas
|
| 655 |
|
9 |
|a problems, exercises, etc.
|2 eczenas
|
| 655 |
|
9 |
|a methodological manuals
|2 eczenas
|
| 655 |
|
9 |
|a textbooks (music schools)
|2 eczenas
|
| 700 |
1 |
|
|a Kovářová, Kateřina
|4 ill
|
| 910 |
2 |
|
|a BOA001
|b Mus2-1439.246
|s 1-2
|
| 990 |
|
|
|a MU
|
| 995 |
|
|
|a 01
|
| 991 |
|
|
|b 201912
|c NOV
|
| 996 |
6 |
|
|b 2610808239
|c Mus2-1439.246
|d 1, pracovní sešit
|v 1
|l MZK
|r Sklad / do 1 hodiny
|n 1
|p p.v.
|w 001770440
|u 000010
|a 1
|e BOA001
|j MZK50
|s P
|
| 996 |
6 |
|
|b 2610808240
|c Mus2-1439.246
|d 2, didaktické listy
|v 2
|l MZK
|r Sklad / do 1 hodiny
|n 0
|p p.v.
|w 001770440
|u 000020
|a 1
|e BOA001
|j MZK50
|s P
|
| 996 |
7 |
|
|b 2610808241
|c Mus2-1439.246
|d 2, didaktické listy
|v 2
|l MZK
|r Sklad / do 1 hodiny
|n 2
|p dar
|w 001770440
|u 000030
|a 1
|e BOA001
|j MZK50
|s A
|